000 00271nam a22001217a 4500
082 _a001
_bSUR/Q
100 _aSURESH, M F
245 _aQUIZ FOR ALL
260 _aTHRISSUR
_bH & C PUBLISHING HOUSE
_c2005
300 _a96
650 _aGENERAL KNOWLEDGE
_zINDIA
942 _cBK
999 _c6612
_d6612